Statystyki dla Województwo bialskopodlaskie 1975-98 Miasta

Kliknij tutaj aby rozwiązać quiz!

Ogólne statystyki

  • Ten quiz został rozwiązany 22 razy
  • Średni wynik to 5 z 6

Statystyki odpowiedzi

LudnośćMiasto% Poprawnych
59 047Biała Podlaska
100%
16 852Radzyń Podlaski
89%
18 274Międzyrzec Podlaski
84%
6 002Terespol
84%
11 090Parczew
68%
7 205Łosice
63%

Rozkład punktacji

Percentyl według liczby udzielonych odpowiedzi

Procent ludzi z każdym wynikiem

Twoja historia wyników

Nie rozwiązałeś tego quizu